000 00339nam a2200133Ia 4500
005 20260326235454.0
008 260326s9999||||xx |||||||||||||| ||und||
100 _aKemp, Barry J.
245 0 _aAncient Egypt :
_b Anatomy of a Civilization /
_cBarry J. Kemp
260 _bRoutledge
300 _a356 p.
650 _aANTIGUEDAD
942 _cBK
999 _c7867
_d7867